| 000 | 00402nam a2200145 a 4500 | ||
|---|---|---|---|
| 001 | 1287 | ||
| 003 | CDMR | ||
| 005 | 20130116135208.0 | ||
| 008 | 130130s2010||||||||||||||||||||||||||||d | ||
| 040 |
_aCDMR _bcat _cCPC GIRONA |
||
| 110 | 2 |
_aFòrum Joan Alsina _91001 |
|
| 245 | 1 | 0 |
_aFidels a la utopia de l'Evangeli (commemoració 10 anys) _cFòrum Joan Alsina |
| 260 |
_c2010 _bFòrum Joan Alsina |
||
| 942 | _cMON | ||
| 999 |
_c1287 _d1287 |
||